ბათუმის შოთა რუსთაველის სახელმწიფო უნივერსიტეტის ბიბლიოთეკა

Вопросы теории математических машин (ბიბ.ჩანაწერი № 48231)

000 -LEADER
fixed length control field 00586nam a2200205Ia 4500
001 - CONTROL NUMBER
control field 15115
003 - CONTROL NUMBER IDENTIFIER
control field GE_BSU
008 - FIXED-LENGTH DATA ELEMENTS--GENERAL INFORMATION
fixed length control field 181216s||||||||xx |||||||||||||| ||und||
040 ## - CATALOGING SOURCE
Transcribing agency GE_BSU
080 ## - UNIVERSAL DECIMAL CLASSIFICATION NUMBER
Universal Decimal Classification number 004.3
245 ## - TITLE STATEMENT
Title Вопросы теории математических машин
245 ## - TITLE STATEMENT
Remainder of title сборник
245 ## - TITLE STATEMENT
Statement of responsibility, etc. Под ред: Ю.Я.Базилевского
260 ## - PUBLICATION, DISTRIBUTION, ETC.
Place of publication, distribution, etc. Москва
260 ## - PUBLICATION, DISTRIBUTION, ETC.
Name of publisher, distributor, etc. Госиздат
260 ## - PUBLICATION, DISTRIBUTION, ETC.
Date of publication, distribution, etc. 1962
300 ## - PHYSICAL DESCRIPTION
Extent 240стр,27см
653 ## - INDEX TERM--UNCONTROLLED
Uncontrolled term Вопросы теории математических машин
942 ## - ADDED ENTRY ELEMENTS (KOHA)
Koha item type წიგნი
ეგზემპლარები
Withdrawn status Lost status Damaged status Not for loan Date acquired Barcode Date last seen Price effective from Koha item type
        2018-12-17 18292 2018-12-17 2018-12-17 წიგნი